000 01520nam0a22003131 4500
001 v19\rc\1546617
005 20260407142744.0
035 _a(NLR Aleph) 004663079
090 _a3576792
_c3576792
100 _a20060620g18881915|||y0rusy50 ca
101 0 _arus
102 _aRU
105 _ay j |||||
200 1 _aОбщий состав Имп. Военно-медицинской академии и состоящих при ней учебно-вспомогательных учреждений... на 1888-1894, 1897, 1912-1913, 1915 гг.
210 _aСанкт-Петербург
_d[1888-1915]
215 _d17
532 1 2 _aОбщий состав Императорской Военно-медицинской академии и состоящих при ней учебно-вспомогательных учреждений... на 1888-1894, 1897, 1912-1913, 1915 гг.
710 0 2 _aВоенно-медицинская академия
_cПетербург
_3RU\NLR\AUTH\8810013557
_9525018
801 0 _aRU
_bNLR
_gpsbo
801 0 _aRU
_bRuMoRGB
_2psbo
801 1 _aRU
_bProSoft-M
_2rusmarc
830 _aИсточник: Справочники по истории дореволюционной России: Библиогр. ук. М., 1978 с. 304, № 2268
830 _aЕсть в б-ке ВМА
852 _aNLR
_jDesideratum
899 _aRuMoRGB (1891-1917*)
_jΔ 396/159
899 _aRuMoRGB (1891-1917*)
_jΔм 900/1967
899 _aГПИБ (1893)
942 _cBOOK
980 _aNB